Intermediate anecdotes in American English

Enregistré dans:
Détails bibliographiques
Auteur principal: Hill, L. A.
Format: Livre
Langue:English
Publié: New York Oxford University Press 1980
Sujets:
Tags: Ajouter un tag
Pas de tags, Soyez le premier à ajouter un tag!
Thư viện lưu trữ: Trung tâm Học liệu Lê Vũ Hùng, Trường Đại học Đồng Tháp
LEADER 00710pam a22002058a 4500
001 00024426
005 20171026081023.0
008 110719s1980 ||||||engsd
020 # # |a 0195026020 
041 0 # |a eng 
082 1 4 |b I300N  |a 428 
100 1 # |a Hill, L. A. 
245 1 0 |a Intermediate anecdotes in American English  |c L.A. Hill ; [ill. by Anna Veltfort.] 
260 # # |a New York  |b Oxford University Press  |c 1980 
300 # # |a vii, 70 p.  |b ill.  |c 21 cm. 
650 # 4 |a Sách giáo khoa dành cho người nước ngoài 
650 # 4 |a Tiếng anh 
852 # # |b Kho đọc  |j KD.0008736 
910 0 # |a Ntuyet  |d 19/07/2011 
980 # # |a Trung tâm Học liệu Lê Vũ Hùng, Trường Đại học Đồng Tháp